000 04207nam a22006735i 4500
001 978-3-319-67186-4
003 DE-He213
005 20210118141725.0
007 cr nn 008mamaa
008 170825s2017 gw | s |||| 0|eng d
020 _a9783319671864
_9978-3-319-67186-4
024 7 _a10.1007/978-3-319-67186-4
_2doi
050 4 _aQA76.9.D3
072 7 _aUN
_2bicssc
072 7 _aCOM021000
_2bisacsh
072 7 _aUN
_2thema
072 7 _aUMT
_2thema
082 0 4 _a005.74
_223
245 1 0 _aData Management and Analytics for Medicine and Healthcare
_h[electronic resource] :
_bThird International Workshop, DMAH 2017, Held at VLDB 2017, Munich, Germany, September 1, 2017, Proceedings /
_cedited by Edmon Begoli, Fusheng Wang, Gang Luo.
250 _a1st ed. 2017.
264 1 _aCham :
_bSpringer International Publishing :
_bImprint: Springer,
_c2017.
300 _aXII, 155 p. 63 illus.
_bonline resource.
336 _atext
_btxt
_2rdacontent
337 _acomputer
_bc
_2rdamedia
338 _aonline resource
_bcr
_2rdacarrier
347 _atext file
_bPDF
_2rda
490 1 _aInformation Systems and Applications, incl. Internet/Web, and HCI ;
_v10494
505 0 _aData privacy and trustability for electronic health records -- Biomedical data management and Integration -- Online mining of health related data -- Clinical data analytics.
520 _aThis book constitutes the thoroughly refereed conference proceedings of the Third International Workshop on Data Management and Analytics for Medicine and Healthcare, DMAH 2017, in Munich, Germany, in September 2017, held in conjunction with the 43rd International Conference on Very Large Data Bases, VLDB 2017.  The 9 revised full papers presented together with 2 keynote abstracts were carefully reviewed and selected from 16 initial submissions. The papers are organized in topical sections on data privacy and trustability for electronic health records; biomedical data management and Integration; online mining of Health related data; and clinical data analytics.
650 0 _aDatabase management.
650 0 _aData mining.
650 0 _aApplication software.
650 0 _aComputer system failures.
650 0 _aOptical data processing.
650 1 4 _aDatabase Management.
_0http://scigraph.springernature.com/things/product-market-codes/I18024
650 2 4 _aData Mining and Knowledge Discovery.
_0http://scigraph.springernature.com/things/product-market-codes/I18030
650 2 4 _aInformation Systems Applications (incl. Internet).
_0http://scigraph.springernature.com/things/product-market-codes/I18040
650 2 4 _aSystem Performance and Evaluation.
_0http://scigraph.springernature.com/things/product-market-codes/I13049
650 2 4 _aImage Processing and Computer Vision.
_0http://scigraph.springernature.com/things/product-market-codes/I22021
700 1 _aBegoli, Edmon.
_eeditor.
_0(orcid)0000-0002-2173-3663
_1https://orcid.org/0000-0002-2173-3663
_4edt
_4http://id.loc.gov/vocabulary/relators/edt
700 1 _aWang, Fusheng.
_eeditor.
_4edt
_4http://id.loc.gov/vocabulary/relators/edt
700 1 _aLuo, Gang.
_eeditor.
_4edt
_4http://id.loc.gov/vocabulary/relators/edt
710 2 _aSpringerLink (Online service)
773 0 _tSpringer eBooks
776 0 8 _iPrinted edition:
_z9783319671857
776 0 8 _iPrinted edition:
_z9783319671871
830 0 _aInformation Systems and Applications, incl. Internet/Web, and HCI ;
_v10494
856 4 0 _uhttps://doi.org/10.1007/978-3-319-67186-4
912 _aZDB-2-SCS
912 _aZDB-2-LNC
999 _c450365
_d450365
942 _cEB
506 _aAvailable to subscribing member institutions only. Доступно лише організаціям членам підписки.
506 _fOnline access from local network of NaUOA.
506 _fOnline access with authorization at https://link.springer.com/
506 _fОнлайн-доступ з локальної мережі НаУОА.
506 _fОнлайн доступ з авторизацією на https://link.springer.com/